[Event "POL-chT3 Wielkopolskie 1314"]
[Site "Poland"]
[Date "2014.01.05"]
[Round "4.28"]
[White "Glatty, Zbigniew"]
[Black "Wojtkowski, Pawel"]
[Result "1-0"]
[WhiteElo "1918"]
[BlackElo "1909"]
[PlyCount "95"]
[EventDate "2013.10.27"]
[EventType "team-tourn"]
[EventRounds "11"]
[EventCountry "POL"]
[SourceTitle "EXT 2015"]
[Source "ChessBase"]
[SourceDate "2014.11.20"]
[SourceVersion "1"]
[SourceVersionDate "2014.11.20"]
[SourceQuality "1"]
[WhiteTeam "Steszew Lipno"]
[BlackTeam "Srem LKS Piast"]
[WhiteTeamCountry "POL"]
[BlackTeamCountry "POL"]

1. e4 c6 2. d4 d5 3. Nc3 dxe4 4. Nxe4 Bf5 5. Ng3 Bg6 6. Nf3 Nd7 7. h4 h6 8. h5 Bh7 9. Bd3 Bxd3 10. Qxd3 e6 11. Bd2 Ngf6 12. 0-0-0 Bd6 13. Ne4 Nxe4 14. Qxe4 Nf6 15. Qe2 Qc7 16. Ne5 0-0-0 17. f4 c5 18. dxc5 Bxc5 19. Rh3 Nd5 20. Kb1 Rhe8 21. c4 Nb6 22. b3 f6 23. Ng6 Qd6 24. Kc2 Qc6 25. Qf3 Qxf3 26. Rxf3 Nd7 27. Bc3 Nf8 28. Rfd3 Rxd3 29. Rxd3 Kc7 30. b4 Nxg6 31. hxg6 Be7 32. c5 a5 33. a3 axb4 34. axb4 Kc6 35. Kb3 Rd8 36. Rxd8 Bxd8 37. Kc4 Kd7 38. b5 Be7 39. g4 Bf8 40. f5 exf5 41. gxf5 h5 42. Be1 Be7 43. Kd5 Bd8 44. c6+ bxc6+ 45. bxc6+ Kc7 46. Bf2 Kc8 47. Ke6 Kc7 48. Kf7 1-0

[Event "POL-chT3 Wielkopolskie 1314"]
[Site "Poland"]
[Date "2013.12.01"]
[Round "3.23"]
[White "Wisniewski, Emil"]
[Black "Glatty, Zbigniew"]
[Result "1-0"]
[WhiteElo "1843"]
[BlackElo "1918"]
[PlyCount "113"]
[EventDate "2013.10.27"]
[EventType "team-tourn"]
[EventRounds "11"]
[EventCountry "POL"]
[SourceTitle "EXT 2015"]
[Source "ChessBase"]
[SourceDate "2014.11.20"]
[SourceVersion "1"]
[SourceVersionDate "2014.11.20"]
[SourceQuality "1"]
[WhiteTeam "Gniezno LKS Chrobry II"]
[BlackTeam "Steszew Lipno"]
[WhiteTeamCountry "POL"]
[BlackTeamCountry "POL"]

1. e4 e5 2. Nc3 Nc6 3. f4 exf4 4. Nf3 g5 5. h4 g4 6. Ng5 d5 7. exd5 Nd4 8. Ne2 Qe7 9. c3 Nxe2 10. Qxe2 h6 11. Ne4 f5 12. Nf2 Nf6 13. Nd3 Qxe2+ 14. Bxe2 Nxd5 15. c4 Nb4 16. Nxb4 Bxb4 17. 0-0 Bc5+ 18. Kh1 0-0 19. Rxf4 Re8 20. Bd3 Re1+ 21. Rf1 Bf2 22. h5 g3 23. Rxe1 Bxe1 24. Bc2 Bf2 25. d4 Kg7 26. Bf4 c6 27. Rd1 Bd7 28. Rd3 Re8 29. Bxg3 Bxg3 30. Rxg3+ Kh7 31. Rb3 Bc8 32. Kg1 Re2 33. Bd3 Re7 34. Kf2 Kg7 35. Bc2 Kf6 36. Rg3 Rg7 37. Rxg7 Kxg7 38. Ke3 Kf6 39. Kf4 Be6 40. Bd3 Bf7 41. Be2 a5 42. a3 b6 43. b4 axb4 44. axb4 Be6 45. c5 bxc5 46. dxc5 Bd5 47. Bf3 Bxf3 48. gxf3 Ke6 49. Ke3 Kd5 50. Kd3 Ke5 51. Kc4 Kf4 52. b5 cxb5+ 53. Kxb5 Kxf3 54. c6 Kg2 55. c7 f4 56. c8Q f3 57. Qg4+ 1-0

[Event "POL-chT2"]
[Site "Poronin"]
[Date "2013.09.12"]
[Round "6.94"]
[White "Glatty, Zbigniew"]
[Black "Czapiewski, Waldemar"]
[Result "1/2-1/2"]
[WhiteElo "1911"]
[BlackElo "1887"]
[PlyCount "88"]
[EventDate "2013.09.06"]
[EventType "team-swiss"]
[EventRounds "9"]
[EventCountry "POL"]
[SourceTitle "EXT 2015"]
[Source "ChessBase"]
[SourceDate "2014.11.20"]
[SourceVersion "1"]
[SourceVersionDate "2014.11.20"]
[SourceQuality "1"]
[WhiteTeam "Steszew Lipno"]
[BlackTeam "Chojnice UKS Osemka"]
[WhiteTeamCountry "POL"]
[BlackTeamCountry "POL"]

1. e4 c5 2. Nf3 Nc6 3. d4 cxd4 4. Nxd4 Nf6 5. Nc3 e6 6. Ndb5 d6 7. Be2 Be7 8. 0-0 a6 9. Nd4 Bd7 10. Be3 Qc7 11. Nxc6 Bxc6 12. f3 d5 13. exd5 Nxd5 14. Nxd5 Bxd5 15. Bd3 Rd8 16. Qe2 e5 17. c4 Be6 18. Qc2 g6 19. c5 0-0 20. b4 Bf6 21. Rad1 Rd7 22. a4 Rfd8 23. Be2 Bf5 24. Qc1 Bd3 25. Bxd3 Rxd3 26. Rxd3 Rxd3 27. Bf2 Qd7 28. Qc4 Rd1 29. b5 Be7 30. c6 bxc6 31. bxc6 Rxf1+ 32. Kxf1 Qc8 33. c7 Kg7 34. Qc6 h6 35. h3 h5 36. Ke2 g5 37. Bc5 Bf6 38. Qd6 Kg6 39. Qb6 Qf5 40. Qb8 Qc2+ 41. Kf1 Qc1+ 42. Ke2 Qc2+ 43. Ke1 Qc1+ 44. Ke2 Qc2+ 1/2-1/2